States by Interstate Skeleton - Statistics

General Stats
  • This quiz has been taken 62 times
    47 since last reset
  • The average score is 7 of 12
Answer Stats
Picture Answer % Correct
Florida
100%
California
98%
New York
98%
Tennessee
76%
Ohio
64%
South Dakota
57%
Vermont
52%
Maryland
40%
Mississippi
36%
Idaho
21%
Utah
21%
Wisconsin
21%
No matching quizzes found
Score Distribution
Percent of People with Each Score
Percentile by Number Answered
Your Score History
You have not taken this quiz since the last reset